| 000 | 00798nas a2200241 4500 | ||
|---|---|---|---|
| 001 | BR9500719 | ||
| 003 | BR-BrBNA | ||
| 005 | 20231205093842.0 | ||
| 007 | ta | ||
| 008 | 230509b bl.|||p| |||| 00| 00por d | ||
| 040 |
_aBR-BrBNA _bpor _cBiblioteca Nacional de Agricultura |
||
| 041 | _a(Pt) | ||
| 072 | _aF03 | ||
| 100 | 1 | _aLin, S.S. | |
| 100 | 1 | _aFerrari, G.V. | |
| 245 | 1 | _aEfeito da limitacao da agua disponivel durante a pre-hidratacao e posterior secagem sobre a germinacao e vigor de sementes envelhecidas de soja (Glycine Max L.) | |
| 650 | _aSemente | ||
| 650 | _aSoja | ||
| 650 | _aTeste de Vigor | ||
| 773 | 0 |
_tRevista Brasileira de Sementes (Brazil) _xISSN 0101-3122 _g(1992), v. 14(2) p. 113-116 _wBR9500719 |
|
| 909 |
_a202311 _bLúcia _c55 _dLúcia Elande |
||
| 942 |
_2AGRIS _n0 _cANA |
||
| 999 |
_c140738 _d140738 |
||